Statistics for Famous Villains #1

Click here to take the quiz!

General Stats

  • This quiz has been taken 64,527 times
  • The average score is 15 of 24

Answer Stats

ClueVillain% Correct
He vants to suck your bloodDracula
96%
Leader of the NazisAdolf Hitler
95%
Gotham City's public enemy #1The Joker
95%
He tried to steal ChristmasThe Grinch
91%
Biblical giant who battled DavidGoliath
87%
Angel cast out of heaven for
the sin of pride
Lucifer
86%
She kidnapped dalmatians for their furCruella De Vil
85%
Serial killer in Victorian LondonJack the Ripper
81%
Haunts the dreams of the children
on Elm Street
Freddy Krueger
77%
Slug-like gangster who enslaved
Princess Leia
Jabba The Hutt
72%
Killed half the universe with
a snap of his fingers
Thanos
70%
He'll eat your liver with
fava beans and a nice chianti
Hannibal Lecter
67%
Evil headmistress of HogwartsDelores Umbridge
66%
The T-1000 or other robotic killersTerminator
58%
Supposedly fiddled while Rome burnedNero
56%
Obsessed with killing Bart SimpsonSideshow Bob
54%
Gunpowder plotter burned in effigy
Guy Fawkes
53%
Agent that keeps order in
"The Matrix"
Agent Smith
44%
Enemy of the Ninja TurtlesShredder
43%
Figure skater whose husband had
Nancy Kerrigan kneecapped
Tonya Harding
36%
Bond villain who kills by throwing a hatOddjob
34%
Terrorist leader in the G.I. Joe universe
{Cobra}
Commander
32%
Wall Street tycoon who says
greed is good
Gordon Gekko
31%
He wants to control the TriforceGanon
23%

Score Distribution

Percentile by Number Answered

Percent of People with Each Score

Your Score History

You have not taken this quiz